[Event "Titled Tuesday intern op 29th Nov Early"]
[Site "Chess.com INT"]
[Date "2022.11.29"]
[Round "6"]
[White "Melian, Juan Sebastian"]
[Black "Mohammed, Dilshad"]
[Result "1-0"]
[WhiteElo "2150"]
[BlackElo "2103"]
[PlyCount "95"]
[EventDate "2022.11.29"]
[EventType "swiss (blitz)"]
[EventRounds "11"]
[EventCountry "USA"]
[SourceTitle "EXT 2024"]
[Source "ChessBase"]
[SourceDate "2023.10.10"]
[SourceVersion "1"]
[SourceVersionDate "2023.10.10"]
[SourceQuality "1"]

1. d4 d5 2. c4 c5 3. Nf3 cxd4 4. Nxd4 dxc4 5. e3 e5 6. Nb5 Qxd1+ 7. Kxd1 Na6 8. Bxc4 Bd7 9. N1c3 Bc6 10. f3 Nf6 11. Ke2 Bc5 12. a3 0-0 13. b4 Be7 14. e4 Rfc8 15. Bd3 Nc7 16. Nxc7 Rxc7 17. Bd2 a6 18. Rhc1 Rd7 19. Be3 h6 20. Bc4 Rc8 21. g4 Rdc7 22. Bd5 Be8 23. Kd2 b5 24. Rc2 a5 25. Bb6 axb4 26. Bxc7 Rxc7 27. axb4 Bxb4 28. Kd3 Nd7 29. Ne2 Nc5+ 30. Ke3 Re7 31. Rb2 Nb3 32. Rxb3 Bc5+ 33. Kd3 b4 34. Rc1 Bb5+ 35. Kd2 Bb6 36. Rc8+ Kh7 37. Rb8 Ba4 38. Rxb6 Bxb3 39. Bxb3 Rd7+ 40. Bd5 Rc7 41. Rxb4 Ra7 42. Rb7 Ra3 43. Nc3 Ra1 44. Rxf7 Kg6 45. Re7 Kf6 46. Re6+ Kg5 47. Rxe5+ Kh4 48. Rh5# 1-0

[Event "Titled Tuesday intern op 29th Nov Early"]
[Site "Chess.com INT"]
[Date "2022.11.29"]
[Round "9"]
[White "Mohammed, Dilshad"]
[Black "Von Buelow, Georg"]
[Result "1-0"]
[WhiteElo "2103"]
[BlackElo "2361"]
[PlyCount "93"]
[EventDate "2022.11.29"]
[EventType "swiss (blitz)"]
[EventRounds "11"]
[EventCountry "USA"]
[SourceTitle "EXT 2024"]
[Source "ChessBase"]
[SourceDate "2023.10.10"]
[SourceVersion "1"]
[SourceVersionDate "2023.10.10"]
[SourceQuality "1"]

1. Nf3 Nf6 2. d4 d5 3. e3 e6 4. Bd3 Bd6 5. 0-0 0-0 6. Nbd2 Nbd7 7. e4 dxe4 8. Nxe4 Nxe4 9. Bxe4 Nf6 10. Bd3 b6 11. Bg5 Bb7 12. Ne5 Be7 13. c3 h6 14. Bh4 Ne4 15. Bxe7 Qxe7 16. Re1 Nf6 17. Rc1 Rad8 18. Bb1 c5 19. Qc2 g6 20. Qd2 Kg7 21. Re3 cxd4 22. cxd4 Qd6 23. Rce1 h5 24. Rg3 Rg8 25. Nxg6 fxg6 26. Rxg6+ Kf7 27. Rxf6+ Kxf6 28. Qh6+ Kf7 29. Qxh5+ Kf8 30. Qh6+ Kf7 31. Re5 Rxg2+ 32. Kf1 Rg7 33. Qh5+ Kf8 34. Qh8+ Kf7 35. Qh5+ Ke7 36. Qh4+ Kd7 37. Qf6 Ba6+ 38. Ke1 Rg1+ 39. Kd2 Qxd4+ 40. Kc2 Rc8+ 41. Kb3 Qc4+ 42. Ka3 Rxb1 43. Qf7+ Kd6 44. Re3 Rc5 45. Qf8+ Kd7 46. Qf7+ Kc8 47. b4 1-0

[Event "Titled Tuesday intern op 22nd Nov Early"]
[Site "Chess.com INT"]
[Date "2022.11.22"]
[Round "3"]
[White "Mohammed, Dilshad"]
[Black "Donchenko, Alexander"]
[Result "0-1"]
[WhiteElo "2103"]
[BlackElo "2645"]
[PlyCount "70"]
[EventDate "2022.11.22"]
[EventType "swiss (blitz)"]
[EventRounds "11"]
[EventCountry "USA"]
[SourceTitle "CBM 211 Extra"]
[Source "ChessBase"]
[SourceDate "2023.01.31"]
[SourceVersion "1"]
[SourceVersionDate "2023.01.31"]
[SourceQuality "1"]

1. Nf3 d5 2. c4 e6 3. e3 Nf6 4. Nc3 Be7 5. cxd5 exd5 6. d4 0-0 7. Bd3 Re8 8. 0-0 Nbd7 9. Qc2 Nf8 10. a3 a5 11. Ne5 c6 12. f4 N6d7 13. Rf3 f6 14. Ng4 Nb6 15. Nf2 Nc4 16. Bxc4 dxc4 17. Bd2 b5 18. Ne2 Be6 19. Ng3 Qd7 20. f5 Bf7 21. Re1 b4 22. axb4 axb4 23. Nfe4 Ra2 24. Qb1 Rea8 25. Nc5 Bxc5 26. dxc5 Qxd2 27. Re2 Qxe2 28. Nxe2 Ra1 29. Rf1 Rxb1 30. Rxb1 Nd7 31. Nd4 Ne5 32. Rd1 Ra2 33. Rb1 Bd5 34. h3 Be4 35. Rd1 Rxb2 0-1